01482cam a22002531 450000100060000000300080000600500170001400800390003103500190007003500190008904000410010804100080014908200150015724501930017226001020036530000530046749000580052050000700057850400770064850503830072565000470110865000520115570000210120722193BD-RjUL20211209000758.0140306s1921 enkh b 001 0 eng a(BD-RjUL)22258 a(OCoLC)2724537 aDLCcInMuBdOCoLCdDLCdBD-RjULbeng aeng a829.1bWHE04aThe Wheatley manuscript :ba collection of Middle English verse and prose contained in a ms. now in the British Museum, Add. mss. 39574 /ced., with introduction and notes by Mabel Day ... aLondon :bPub. for the Early English Text Society, by H. Milford, Oxford University Press,c1921. axxxii, 125, [1] p. :bfront. (facsim.) ;c22 cm.0 aEarly English Text Society. Original series,vno. 155 aFifteenth century manuscript named in honor of Dr. H.B. Wheatley. aEarly English Text Society's List of publications, etc. (8 p.) prefixed.0 aPreface.--An orison on the passion.--A prayer to the Blessed Virgin.--Hymn to St. John the Baptist.--The seven penitential Psalms.--Lessons from the Dirige.--A song of mercy and judgment.--A prayer for mercy.--God's complaint.--"To God."--"To Oure Lady."--"To Seynt Iohn."--Hymn from the Speculum Christiani.--Life of Adam and Eve.--A prayer at the elevation.--Notes.--Glossary. 0aEnglish poetryyMiddle English, 1100-1500. 0aManuscripts, English (Middle)zEnglandzLondon.1 aDay, Mabel,eed.